000 00744nam a2200217Ia 4500
001 15208
003 GE_BSU
008 181216s||||||||xx |||||||||||||| ||und||
040 _cGE_BSU
080 _a821.353.1-1-311.6
100 _aშერვაშიძე,ამირან
245 _aბაგრატიონი:პეტრე
245 _bისტორიული რომანი
245 _cრედ:ლელა ბეჟანიძე;მხატვ:თამაზ დიასამიძე
260 _aბათუმი.
260 _bსაბჭოთა აჭარა
260 _c1976
300 _a206გვ;20სმ.
653 _aისტორიული რომანი
942 _cBK
999 _c48320
_d48320